| 000 | 00431nam a2200193Ia 4500 | ||
|---|---|---|---|
| 008 | 170918s9999 xx 000 0 und d | ||
| 020 | _a9780545746595 | ||
| 050 | _bL926 2013 | ||
| 100 | _aLubar, David | ||
| 245 | _aNumbed! / | ||
| 245 | _cby David Lubar. | ||
| 260 | _aNew York : | ||
| 260 | _bScholastic, | ||
| 260 | _c2013 | ||
| 300 | _a144 pages : | ||
| 300 | _billustrations ; | ||
| 300 | _c19cm. | ||
| 500 | _a550 | ||
| 999 |
_c344238 _d344238 |
||